| 000 | 00000nam 2200000zi 4500 |
| 001 | 9.954337 |
| 003 | CaOODSP |
| 005 | 20250820143923 |
| 006 | m o d f |
| 007 | cr mn||||||||| |
| 008 | 250820e20250219oncd obs f000 0 eng d |
| 040 | |aCaOODSP|beng|erda|cCaOODSP |
| 043 | |an-cn-bc |
| 086 | 1 |aCS82-003/2025-2-1E-PDF |
| 100 | 1 |aYe, Xibiao, |eauthor. |
| 245 | 10|aChanges in life expectancy at birth during the COVID-19 pandemic and contributions by cause of death in British Columbia, Canada / |cby Xibiao Ye, Ioana Sevcenco, Richard Mercer, Henry Ngo, Alyssa Parker, Viet Dao, Reiko Okamoto, and Bonnie Henry. |
| 264 | 1|a[Ottawa] : |bStatistics Canada = Statistique Canada, |cFebruary 19, 2025. |
| 264 | 4|c©2025 |
| 300 | |a1 online resource (14 pages) : |bgraphs. |
| 336 | |atext|btxt|2rdacontent |
| 337 | |acomputer|bc|2rdamedia |
| 338 | |aonline resource|bcr|2rdacarrier |
| 490 | 1 |aHealth reports, |x1209-1367 ; |vv. 36, no. 2, [1] |
| 500 | |aIssued also in French under title: Changements de l’espérance de vie à la naissance pendant la pandémie de COVID-19 et contributions selon la cause de décès en Colombie-Britannique, Canada. |
| 504 | |aIncludes bibliographical references (pages 12-14). |
| 650 | 0|aLife expectancy|zBritish Columbia|vStatistics. |
| 650 | 0|aMortality|zBritish Columbia|xStatistics. |
| 650 | 0|aCOVID-19 Pandemic, 2020-2023|xHealth aspects|zBritish Columbia|vStatistics. |
| 655 | 7|aStatistics|2lcgft |
| 710 | 2 |aStatistics Canada, |eissuing body. |
| 775 | 08|tChangements de l’espérance de vie à la naissance pendant la pandémie de COVID-19 et contributions selon la cause de décès en Colombie-Britannique, Canada / |w(CaOODSP)9.954339 |
| 830 | #0|aHealth reports (Series)|vv. 36, no. 2, [1].|w(CaOODSP)9.950253 |
| 856 | 40|qPDF|s521 KB|uhttps://publications.gc.ca/collections/collection_2025/statcan/82-003-x/CS82-003-2025-2-1-eng.pdf |
| 856 | 4 |qHTML|sN/A|uhttps://www150.statcan.gc.ca/n1/pub/82-003-x/2025002/article/00001-eng.htm |